Score 0/8 Timer 00:30
1 Play Today
Clue Five-Letter Word % Correct
Start of LifeBirth
97.3%
Sit, as on a branchPerch
80.3%
Soft, juicy fruitPeach
80.3%
Pebbly or sandy shoreBeach
77.4%
End of LifeDeath
75.6%
Capital of Western AustraliaPerth
75%
Bed on a ship or trainBerth
74.6%
To dry out unseasoned woodBeath
43.7%

Today's Daily Dose

Missing Word
'T' Pairs

Word Ladder
Game Pieces

Get the Picture
Baseball Movies

Remove Ads.
Support Sporcle.
Get the best of Sporcle when you Go Orange. This ad-free experience offers more features, more stats, and more fun while also helping to support Sporcle. Thank you for becoming a member.

You're not logged in!

Compare scores with friends on all Sporcle quizzes.
OR
Log In

Show Comments

Extras

Top Quizzes Today


Score Distribution

Your Account Isn't Verified!

In order to create a playlist on Sporcle, you need to verify the email address you used during registration. Go to your Sporcle Settings to finish the process.

Report this User

Report this user for behavior that violates our Community Guidelines.

Details: